000 00380nam a22001697a 4500
003 CEME
005 20210628203033.0
008 210128b xxu||||| |||| 00| 0 eng d
020 _a9789690018113
040 _c.
082 _a927 MUF
100 _aAxi Mufti
_962974
245 _aMaha aukha mufti
260 _aLAHORE
_bFEROZ SONS
_c2003
300 _a139P
942 _cBK
_2ddc
999 _c571920
_d571920